Vilniaus troleibusų stotelių pavadinimai - Statistics

General Stats
  • This quiz has been taken 7 times
  • The average score is 270 of 351
Answer Stats
Answer % Correct
Antakalnis
100%
Gedimino technikos universitetas
100%
Gėlių
100%
Islandijos
100%
Jokūbo Jasinskio
100%
Juozo Tumo-Vaižganto
100%
Kalnų parkas
100%
Karaliaus Mindaugo tiltas
100%
Kareivių
100%
Kęstučio
100%
Klinikų
100%
Kražių
100%
Latvių
100%
Leono Sapiegos
100%
Lietuvos sąjūdžio kelias
100%
Liubarto tiltas
100%
Mikalojaus Konstantino Čiurlionio
100%
MO muziejus
100%
Naujininkai
100%
Nemenčinės plentas
100%
Operos ir baleto teatras
100%
Pamėnkalnio
100%
Panorama
100%
Petro Vileišio
100%
Šaltinėlio
100%
Saulėtekis
100%
Sėlių
100%
Senoji plytinė
100%
Šiaurės miestelis
100%
Šilo tiltas
100%
Simono Konarskio
100%
Skalvių
100%
Spaudos rūmai
100%
Stotis
100%
Šv. Petro ir Povilo bažnyčia
100%
Taraso Ševčenkos
100%
Teodoro Narbuto
100%
Tuskulėnų rimties parkas
100%
Tverečiaus
100%
Vienaragių
100%
Vilniaus universitetas
100%
VInco Kudirkos aikštė
100%
Vinco Kudirkos aikštė
100%
Vingis
100%
Vingriai
100%
Žaliasis tiltas
100%
Žemieji Paneriai
100%
Žirmūnai
100%
Žirmūnų seniūnija
100%
Žvėrynas
100%
Aguonų
75%
Algirdo
75%
Antakalnio žiedas
75%
Atminties
75%
Baldai
75%
Europos aikštė
75%
Gerosios Vilties
75%
Justiniškės
75%
Kalvarijų turgus
75%
Karoliniškių poliklinika
75%
Lazdynai
75%
LITEXPO
75%
Lvivo
75%
Minties
75%
Nacionalinė dailės galerija
75%
Naujamiestis
75%
Pasakų parkas
75%
Pašilaičių žiedas
75%
Pramogų arena
75%
Prūsų
75%
Rinktinės
75%
Savanorių prospektas
75%
Šeimyniškių
75%
Statybininkų
75%
Sūduvių
75%
Titnago
75%
Ugniagesių
75%
Verkių
75%
Vilniaus kolegija
75%
Viršuliškės
75%
Žalgirio
75%
Giedraičių
50%
Karoliniškės
50%
Karoliniškių poliklinika
50%
Kaukaro
50%
Laisvės prospektas
50%
Lizdeikos
50%
Lūžiai
50%
Medeinos
50%
Oskaro Milašiaus
50%
Pal. Jurgio Matulaičio bažnyčia
50%
Povilo Lukšio
50%
Riovonys
50%
Šaulių sąjunga
50%
Sietyno
50%
Tauragnų
50%
Troleibusų parkas
50%
Vaduvos
50%
Vaivorykštės
50%
Valakampių tiltas
50%
Žirmūnų žiedas
50%
Pal. Jurgio Matulaičio bažnyčia
25%
Rygos
25%
Televizijos bokštas
25%
Žemaitės
25%
Čiobiškio
0%
Eigulių
0%
Jankiškių
0%
Miškiniai
0%
Pakalniškių
0%
Paukščių takas
0%
Pumpėnų
0%
Šaltupio
0%
Taikos
0%
Valkininkų
0%
Vilkpėdės
0%
Vilniaus rajono poliklinika
0%
Žemynos
0%
No matching quizzes found
Score Distribution
Percent of People with Each Score
Percentile by Number Answered
Your Score History
You have not taken this quiz